Axiomatic set theory
Guardat en:
| Autor principal: | |
|---|---|
| Format: | Llibre |
| Idioma: | anglès |
| Publicat: |
Princeton
D. van Nostrand
1960
|
| Col·lecció: | The University Series in Undergraduate Mathematics
|
| Matèries: | |
| Etiquetes: |
Afegir etiqueta
Sense etiquetes, Sigues el primer a etiquetar aquest registre!
|
MARC
| LEADER | 00000nam a2200000 a 4500 | ||
|---|---|---|---|
| 001 | UCQ8494 | ||
| 003 | CL-VaPUC | ||
| 008 | 981210e19600000us |||||||||||||||||eng|d | ||
| 082 | 0 | 4 | |a 511.322 |b SUP |2 21 |
| 100 | 0 | |a Suppes, Patrick |e author |9 422496 | |
| 245 | 1 | 0 | |a Axiomatic set theory |
| 300 | |a 265 p | ||
| 942 | |c BK | ||
| 945 | |d 19981210 00:00:00 |a cmena | ||
| 260 | |a Princeton |b D. van Nostrand |c 1960 | ||
| 650 | 0 | |a Teoría de conjuntos |9 265668 | |
| 650 | 0 | |a Álgebra |9 259567 | |
| 650 | 7 | |a AXIOMAS |2 CL-VaPUC |9 422497 | |
| 650 | 7 | |a PARADOJAS |2 CL-VaPUC |9 385971 | |
| 650 | 0 | |a Funciones |9 263869 | |
| 650 | 0 | |a Números racionales |9 316867 | |
| 650 | 0 | |a Números reales |9 270334 | |
| 650 | 0 | |a Aritmética |9 270049 | |
| 583 | |a last modification |c 20150504 03:19:21 |k Rodrigo Vera | ||
| 490 | 0 | |a The University Series in Undergraduate Mathematics | |
| 999 | |c 277741 |d 277739 | ||